000 00295nam a2200121Ia 4500
008 190722s9999 xx 000 0 und d
020 _a978-81-265-1265-2
100 _aSimon Haykin Veen
245 0 _aSignals and Systems
260 _aNew Delhi
_bJohn Wiley
_c2014
300 _a802
942 _cBK
999 _c463
_d463